Quizzes
Events
Quiz Creation
Community
Videos
Private Events
Remove Ads
Sign In
Join for FREE
Feedback
Dark Mode
Quiz Categories
Sports
Geography
Music
Movies
Television
Just For Fun
Miscellaneous
History
Literature
Language
Science
Gaming
Entertainment
Religion
Holiday
For Kids
Quiz Lab
Recent
Popular Today
Quiz Kudos Today
Editor Picks
Curator Picks
Quizzes by...
Day
Popularity
Type
Ratings
Length
Year
Community
Subscriptions
Recent Discussions
Orange Saloon
Badges
Playlists
Quests
Create
Leaderboards
Showdown
Live 5
Trivia Bingo
Activity
Puzzle Library
Sporcle Events
Private Events
Virtual Trivia
Globe League
Become a Host
Pub Owners
SporcleCon
Opinionation
Our Games
Videos
Blog
Mobile Apps
Partnerships
Remove Ads and Go Orange
Feedback
Geography
Country
Landmarks
City
State
Population
World
Capital
Continent
Flags
Europe
Africa
Asia
South America
North America
Oceania
Border
Canada
United Kingdom
Topography
United States
Geography
Country
Landmarks
City
State
Population
World
Capital
Continent
Flags
Europe
Africa
Asia
South America
North America
Oceania
Border
Canada
United Kingdom
Topography
United States
Random Quiz
Search Sporcle
×
Quiz Lab
Quiz Lab
Geography
Type in answers that appear in a list
Type in answers that appear in a list
Classic
Best Score? Go Orange.
Developed Countries Stats
Can you name the developed countries of the world?
By
bsthomas93
6m
32 Questions
419 Plays
419 Plays
419 Plays
Comments
Comments
Give Quiz Kudos
Give Quiz Kudos
-
- Ratings
hide this ad
More Info
Replay
Link that replays current quiz
Next Quiz
Link to next quiz in quiz playlist
You Got
0%
They Got
Avg Score
91%
Avg Friend Score
Upgrade to see
Score Distribution
Jump to the score distribution portion of the page
Score
0/32
Timer
06:00
0
Plays Today
Continent
Country
% Correct
North America
United States
98.8%
North America
Canada
98.1%
Oceania
Australia
97.9%
Asia
Japan
97.9%
Europe
United Kingdom
97.6%
Europe
Spain
95.9%
Europe
France
95.5%
Europe
Germany
94.7%
Europe
Finland
94.5%
Europe
Norway
94.5%
Europe
Sweden
94.5%
Europe
Denmark
94.3%
Oceania
New Zealand
94.3%
Europe
Italy
94%
Europe
Portugal
93.6%
Europe
Austria
93.3%
Continent
Country
% Correct
Europe
Belgium
92.8%
Europe
Switzerland
92.1%
Europe/
Asia
Turkey
92.1%
Europe
Ireland
91.9%
Europe
Netherlands
91.2%
Europe
Luxembourg
90%
Europe
Iceland
88.8%
Africa
South Africa
88.8%
Europe
Greece
87.8%
Europe
Andorra
87.1%
Europe
Liechtenstein
84.2%
Europe
Monaco
82.6%
Europe
Vatican City
82.1%
Europe
San Marino
81.6%
Asia
Israel
77.8%
Europe
Malta
75.4%
Quiz Playlist
Details
Report
Send in Message
Add To Playlist
More Info:
As of August 2010.
Classic:
Type in answers that appear in a list
Quiz Source
Last Updated: Feb 16, 2017
Quiz Scoreboard
CHALLENGE
Sign Up to Join the Scoreboard
Show All
Scores
Hide
Comments
May contain spoilers
Recently Published
9x9 Crossword: Cartoon Network
by jackfrog10
Miscellaneous
3m
College Basketball Coaching Resumes
by pancakes188
Sports
9m
Billboard Blitz: Fleetwood Mac
by CooCooCachoo
Music
15s
More to Explore
Quiz From the Vault
Featured Blog Post
Where Did the Easter Bunny Come From?
hide this ad
You Might Also Like...
Tags
This quiz does not have any tags.
Today's Top Quizzes in Geography
Browse Geography
hide this ad
Top Contributed Quizzes in Geography
1
Countries of the World - No Outlines Minefield
2
Top 25 Cities of France on a map
3
Any capital of a 'B' country per Continent
4
Any capital of a 'C' country per Continent
5
Closest Countries to UK A-Z
6
Any capital of a 'D' country per Continent
7
5-to-1: US Geography No Hints
8
Any capital of an 'E' country per Continent
9
Find the US States - No Outlines
10
Any capital of an 'F' country per Continent
Explore More
Trending Topics
Marvel
Harry Potter
Disney
NBA
Crossword
Kpop
Anime
NFL
Pokémon
Country
Puzzle
WWE
Song
Soccer
The Office
hide this ad
More By:
bsthomas93
Quiz
Plays
Rating
Category
Featured
Created
Corn-Growing States
970
3.18
Geography
Sep 1, 2010
Minneapolis/St. Paul Int'l Destinations
831
4.50
Geography
Aug 29, 2010
Minnesota Cities
713
5.00
Geography
Nov 28, 2009
Delta's Hubs
581
2.33
Geography
Aug 30, 2010
Developed Countries
419
3.14
Geography
Aug 29, 2010
Go to Creator's Profile
Score Distribution
Quiz Creator Spotlight
bsthomas93
Follow
Send a Message
Quizzes Created
-
Created Quiz Play Count
-
More By This Creator
Popular Quizzes Today
1
Find the US States - No Outlines Minefield
2
Find the Countries of Europe - No Outlines Minefield
3
The Countries of the World
4
Find the US States
5
Risky Map Clicking: Biggest States A-Z
6
US States
7
Popular People in 1961
8
Movies - When Are They Set?
More Geography Quizzes
Hide South America's Flags by Capital
Quiz Lab
Trending Quizzes
Risky Map Clicking: Least Populous States A-Z
1-10 Letter G Words
Risky Map Clicking: Next State Alphabetically
Adjectives in 80s TV Shows
The Seven Year Switch: Catherine
Recently Updated
Leaping Animals
pecheneg
Reality TV Shows (A-Z)
bhenderson79
Rickey Henderson's Hall of Fame Teammates
pecheneg
Champions League XIs: Arsenal
pecheneg
Quick Pick: Celebrities in WWE's Hall of Fame
aduchscher
A-Z Keypad Blitz II
pecheneg
Multiple Oscar Actors
pecheneg
Mystery Phrase Blitz: Oscar 'Best Actors'
pecheneg
F. Scott Fitzgerald Novels
LTH
Pick 3 Villains
ddd62291
Trending Topics
Crossword
Anime
Kpop
NBA
Disney
Marvel
Harry Potter
Country
Soccer
NFL
WWE
Song
Pokémon
The Office
Puzzle
Your Account Isn't Verified!
In order to create a playlist on Sporcle, you need to verify the email address you used during registration. Go to your
Sporcle Settings
to finish the process.
Report this User
Report this user for behavior that violates our
Community Guidelines
.
Details:
Send Report
Go to the Sporcle.com Mobile Site →
Comments